=LDR 00000nam 2200000 4500 =001 INLIS000000000052775 =005 20180301022342 =035 ##$$a 0010-0318000002 =007 ta =008 180301###########################0###### =020 ##$$a 978-979-27-5170-3 =082 ##$$a 372.4 =084 ##$$a 372.4 Pra p1 =100 #$$a Prasetyo, Herry =245 1#$$a Pintar Menulis dan Membaca Huruf Kecil h : $b Harimau /$c Herry Prasetyo =260 ##$$a Jakarta :$b Elex Media Komputindo,$c 2009 =300 ##$$a 48 hlm : $b Ilus ; $c 32 cm =990 ##$$a 50645064 =990 ##$$a 21009376